Dora and Diego help the little wolf / (Record no. 279232)
[ view plain ]
| 000 -LEADER | |
|---|---|
| fixed length control field | 01591nam a2200385 a 4500 |
| 001 - CONTROL NUMBER | |
| control field | mlg47314248 |
| 003 - CONTROL NUMBER IDENTIFIER | |
| control field | KyBuM |
| 005 - DATE AND TIME OF LATEST TRANSACTION | |
| control field | 20200320190532.0 |
| 008 - FIXED-LENGTH DATA ELEMENTS--GENERAL INFORMATION | |
| fixed length control field | 120221t20112006nyua j 000 1 eng d |
| 010 ## - LIBRARY OF CONGRESS CONTROL NUMBER | |
| LC control number | 2011275615 |
| 020 ## - INTERNATIONAL STANDARD BOOK NUMBER | |
| International Standard Book Number | 9781442428638 : |
| Terms of availability | $3.99 |
| 040 ## - CATALOGING SOURCE | |
| Original cataloging agency | KyBuM |
| Transcribing agency | KyBuM |
| 082 14 - DEWEY DECIMAL CLASSIFICATION NUMBER | |
| Classification number | E |
| Edition number | 15 |
| 100 1# - MAIN ENTRY--PERSONAL NAME | |
| Personal name | Ricci, Christine. |
| 9 (RLIN) | 50585 |
| 245 10 - TITLE STATEMENT | |
| Title | Dora and Diego help the little wolf / |
| Statement of responsibility, etc | adapted by Christine Ricci ; based on the screenplay "Little Lost Wolf Pup" written by Valerie Walsh ; illustrated by Art Mawhinney. |
| 250 ## - EDITION STATEMENT | |
| Edition statement | Simon Spotlight ed. |
| 260 ## - PUBLICATION, DISTRIBUTION, ETC. (IMPRINT) | |
| Place of publication, distribution, etc | New York : |
| Name of publisher, distributor, etc | Simon Spotlight/Nickelodeon, |
| Date of publication, distribution, etc | 2011, c2006. |
| 300 ## - PHYSICAL DESCRIPTION | |
| Extent | [24] p. : |
| Other physical details | col. ill. ; |
| Dimensions | 21 cm. |
| 490 0# - SERIES STATEMENT | |
| Series statement | Dora & Diego |
| 490 0# - SERIES STATEMENT | |
| Series statement | Learn with Moose and Zee |
| 520 ## - SUMMARY, ETC. | |
| Summary, etc | When Mommy Maned Wolf is missing her littlest pup, Diego and Dora rescue him from the pricker and thorn bushes. |
| 521 2# - TARGET AUDIENCE NOTE | |
| Target audience note | K-3 |
| Source | Medialog, Inc. |
| 650 #7 - SUBJECT ADDED ENTRY--TOPICAL TERM | |
| Topical term or geographic name as entry element | Dora the explorer (Fictitious character) |
| Form subdivision | Fiction. |
| Source of heading or term | sears |
| 9 (RLIN) | 5707574 |
| 650 #7 - SUBJECT ADDED ENTRY--TOPICAL TERM | |
| Topical term or geographic name as entry element | Márquez, Diego (Fictitious character) |
| Form subdivision | Fiction. |
| Source of heading or term | sears |
| 9 (RLIN) | 5874858 |
| 650 #7 - SUBJECT ADDED ENTRY--TOPICAL TERM | |
| Topical term or geographic name as entry element | Cousins |
| Form subdivision | Fiction. |
| Source of heading or term | sears |
| 9 (RLIN) | 5874859 |
| 650 #7 - SUBJECT ADDED ENTRY--TOPICAL TERM | |
| Topical term or geographic name as entry element | Wolves |
| Form subdivision | Fiction. |
| Source of heading or term | sears |
| 9 (RLIN) | 5685977 |
| 650 #7 - SUBJECT ADDED ENTRY--TOPICAL TERM | |
| Topical term or geographic name as entry element | Explorers |
| Form subdivision | Fiction. |
| Source of heading or term | sears |
| 9 (RLIN) | 5688566 |
| 700 1# - ADDED ENTRY--PERSONAL NAME | |
| Personal name | Mawhinney, Art, |
| Relator term | ill. |
| 9 (RLIN) | 44851 |
| 700 1# - ADDED ENTRY--PERSONAL NAME | |
| Personal name | Walsh, Valerie. |
| 9 (RLIN) | 70016 |
| 730 0# - ADDED ENTRY--UNIFORM TITLE | |
| Uniform title | Go, Diego, go! (Television program) |
| 9 (RLIN) | 5874860 |
| 852 1# - LOCATION/CALL NUMBER | |
| -- | p12.95usd |
| 942 ## - ADDED ENTRY ELEMENTS (KOHA) | |
| Koha item type | BOOK |
| 948 ## - LOCAL PROCESSING INFORMATION (OCLC); SERIES PART DESIGNATOR (RLIN) | |
| Series part designator, SPT (RLIN) | 11/14/2012 |
| z (OCLC) | Sirsi |
| 996 ## - | |
| -- | 94087 |
| -- | 34301001126426 |
| -- | E |
| -- | bk |
| -- | wcl |
| -- | i |
| -- | 34 |
| -- | 12.95 |
| -- | childrensplus |
| -- | Ric |
| -- | 11/19/2012 |
| -- | 09/04/2019 |
| -- | 08/27/2019 |
| Withdrawn status | Lost status | Source of classification or shelving scheme | Damaged status | Not for loan | Collection code | Home library | Current library | Shelving location | Date acquired | Cost, normal purchase price | Total Checkouts | Total Renewals | Full call number | Barcode | Date last seen | Date checked out | Cost, replacement price | Price effective from | Koha item type |
|---|---|---|---|---|---|---|---|---|---|---|---|---|---|---|---|---|---|---|---|
| Dewey Decimal Classification | Children Picture Books | Wasatch County Library | Wasatch County Library | Main Floor Childrens Area | 11/19/2012 | 12.95 | 53 | 14 | E Dora | 34301001126426 | 02/19/2026 | 01/30/2026 | 12.95 | 03/20/2020 | BOOK |
